Dans quels clubs a joué James Rodriguez ? - Statistiques

Statistiques générales
  • Ce quiz a été pris 30 fois
  • Le résultat moyen est 5 sur 12
Statistiques - réponses
Pays Années Clubs % Correct
Allemagne 2017-2019 Bayern Munich
93%
Espagne 2014-2020 Real Madrid
93%
France 2013-2014 AS Monaco
80%
Portugal 2010-2013 FC Porto
60%
Grèce 2022-2023 Olympiakos
50%
Angleterre 2020-2021 Everton FC
43%
Espagne 2024-2025 Rayo Vallecano
20%
Mexique 2025-2026 Club Leon
10%
Colombie 2007 Envigado FC
3%
Qatar 2021-2022 Al-Rayyan SC
0%
Argentine 2008-2010 CA Banfield
0%
Brésil 2023-2024 Sao Paulo FC
0%
Aucun quiz correspondant
Distribution des résultats
% des personnes avec chaque résultat
Percentile par nombre de réponses
Votre historique - résultats
Vous n’avez pas pris ce quiz